000
00296nam a22001337a 4500
008
170622b xxu||||| |||| 00| 0 eng d
020
_a
9780547051932
041
_a
eng
080
_2
11TH
_a
328
100
_a
21
101
_a
SHP
245
_a
AMERICAN GOVERNMENT
_c
WILSON,J.Q
942
_2
udc
_c
BK
999
_c
18703
_d
18703